Manual on natural disaster management in India (Record no. 492332)

000 -LEADER
fixed length control field 00406cam a22001217a 4500
008 - FIXED-LENGTH DATA ELEMENTS--GENERAL INFORMATION
fixed length control field 180718b2001 xxu||||| |||| 00| 0 eng d
082 ## - DEWEY DECIMAL CLASSIFICATION NUMBER
Classification number PROJ.REP. 2001/GUP
245 ## - TITLE STATEMENT
Title Manual on natural disaster management in India
Statement of responsibility, etc. edited by M.C. Gupta, et.al.
260 ## - PUBLICATION, DISTRIBUTION, ETC.
Place of publication, distribution, etc. New Delhi
Name of publisher, distributor, etc. Indian Institute of Public Administration
Date of publication, distribution, etc. 2001
300 ## - PHYSICAL DESCRIPTION
Extent 204p.
440 ## - SERIES STATEMENT/ADDED ENTRY--TITLE
Title IIPA Working Paper, 2001: 1
700 ## - ADDED ENTRY--PERSONAL NAME
Personal name Gupta, M.C.
Holdings
Withdrawn status Lost status Damaged status Not for loan Permanent Location Current Location Date acquired Full call number Barcode Date last seen Price effective from Koha item type
        Indian Institute of Public Administration Indian Institute of Public Administration 2018-08-04 PROJ.REP. 2001/GUP GR16690 2018-08-04 2018-08-04 GR
        Indian Institute of Public Administration Indian Institute of Public Administration 2018-08-04 PROJ.REP. 2001/GUP GR16187 2018-08-04 2018-08-04 GR

Powered by Koha